[Event "Asian Nation Cup Open 2018"]
[Site "Hamedan"]
[Date "2018.08.03"]
[Round "7"]
[White "Ghaem Maghami, Ehsan"]
[Black "Nguyen, Ngoc Truong Son"]
[Result "1/2-1/2"]
[WhiteElo "2537"]
[BlackElo "2618"]
[Annotator "ChessBase"]
[PlyCount "61"]
[EventDate "2018.07.27"]
[EventType "swiss"]
[EventCountry "IRI"]
[SourceTitle "playchess.com"]
[Source "ChessBase"]
[SourceQuality "1"]
[WhiteTeam "Iran"]
[BlackTeam "Vietnam"]
[WhiteTeamCountry "IRI"]
[BlackTeamCountry "VIE"]
[TimeControl "40/5400+30:1800+30"]

1. e4 {[%emt 0:01:38]} c5 {[%emt 0:03:25]} 2. Nf3 {[%emt 0:00:26]} d6 {[%emt 0:00:10]} 3. d4 {[%emt 0:04:58]} cxd4 {[%emt 0:00:11]} 4. Qxd4 {[%emt 0:00:08]} Nc6 {[%emt 0:00:23]} 5. Bb5 {[%emt 0:00:28]} Bd7 {[%emt 0:00:16]} 6. Bxc6 {[%emt 0:00:57]} Bxc6 {[%emt 0:00:08]} 7. Nc3 {[%emt 0:00:19]} Nf6 {[%emt 0:00:30]} 8. Bg5 {[%emt 0:00:22]} e6 {[%emt 0:00:38]} 9. O-O-O {[%emt 0:00:30]} Be7 {[%emt 0:00:16]} 10. Rhe1 {[%emt 0:09:39]} O-O {[%emt 0:00:45]} 11. Kb1 {[%emt 0:05:20]} Qa5 {[%emt 0:07:16]} 12. Qd2 {[%emt 0:02:11]} Kh8 {[%emt 0:10:00]} 13. Nd4 {[%emt 0:05:13]} Rfd8 {[%emt 0:04:57]} 14. f4 {[%emt 0:07:30]} h6 {[%emt 0:03:21]} 15. Bxf6 {[%emt 0:00:30]} Bxf6 {[%emt 0:00:15]} 16. g4 {[%emt 0:00:14]} Qc5 {[%emt 0:01:24]} 17. f5 {[%emt 0:19:22]} Bxd4 {[%emt 0:06:00]} 18. Qxd4 {[%emt 0:00:17]} Qxd4 {[%emt 0:01:43]} 19. Rxd4 {[%emt 0:00:08]} Rd7 {[%emt 0:00:49]} 20. a4 {[%emt 0:04:20]} Rad8 {[%emt 0:09:26]} 21. b4 {[%emt 0:04:29]} b6 {[%emt 0:01:08]} 22. Kb2 {[%emt 0:00:09]} Kg8 {[%emt 0:04:14]} 23. Ra1 {[%emt 0:07:27]} a5 {[%emt 0:03:28]} 24. b5 {[%emt 0:01:46]} Bb7 {[%emt 0:01:21]} 25. Rf1 {[%emt 0:00:37]} e5 {[%emt 0:08:02]} 26. Rc4 {[%emt 0:03:44]} d5 {[%emt 0:00:46]} 27. exd5 {[%emt 0:00:36]} Bxd5 {[%emt 0:00:07]} 28. Nxd5 {[%emt 0:00:30]} Rxd5 {[%emt 0:00:03]} 29. Rf3 {[%emt 0:02:32]} Rd4 {[%emt 0:08:34]} 30. Rfc3 {[%emt 0:01:02]} Kf8 {[%emt 0:02:00]} 31. h4 {[%emt 0:07:59]} 1/2-1/2

[Event "Asian Nation Cup Open 2018"]
[Site "Hamedan"]
[Date "2018.08.03"]
[Round "7"]
[White "Pourramezanali, Amirreza"]
[Black "Nguyen, Anh Khoi"]
[Result "1-0"]
[WhiteElo "2537"]
[BlackElo "2454"]
[Annotator "RC"]
[PlyCount "69"]
[EventDate "2018.07.27"]
[EventType "swiss"]
[EventCountry "IRI"]
[SourceTitle "playchess.com"]
[Source "ChessBase"]
[SourceQuality "1"]
[WhiteTeam "Iran"]
[BlackTeam "Vietnam"]
[WhiteTeamCountry "IRI"]
[BlackTeamCountry "VIE"]
[TimeControl "40/5400+30:1800+30"]

1. e4 {[%emt 0:02:03]} c5 {[%emt 0:00:00]} 2. Nf3 {[%emt 0:00:30]} d6 {[%emt 0:00:00]} 3. d4 {[%emt 0:00:05]} cxd4 {[%emt 0:00:00]} 4. Nxd4 {[%emt 0:00:06]} Nf6 {[%emt 0:00:00]} 5. Nc3 {[%emt 0:00:00]} a6 {[%emt 0:00:05]} 6. f4 {[%emt 0:00:00]} e6 {[%emt 0:00:57]} 7. Qf3 {[%emt 0:01:41]} Qb6 {[%emt 0:01:21]} 8. Nb3 {[%emt 0:01:51]} Qc7 {[%emt 0:03:57]} 9. g4 {[%emt 0:02:21]} b5 {[%emt 0:00:12]} 10. g5 {[%emt 0:00:40]} Nfd7 {[%emt 0:01:48]} 11. a3 {[%emt 0:03:11]} Bb7 {[%emt 0:13:45]} 12. Be3 {[%emt 0:00:30]} Nc6 {[%emt 0:00:30]} 13. h4 {[%emt 0:00:30]} Rc8 {[%emt 0:00:30]} 14. Bh3 {[%emt 0:00:30]} b4 {[%emt 0:00:30]} 15. axb4 {[%emt 0:00:30]} Nxb4 {[%emt 0:33:40]} 16. Qg2 {[%emt 1:04:36]} d5 {[%emt 0:00:30]} 17. f5 {[%emt 0:00:30]} e5 {[%emt 0:20:21]} 18. f6 d4 19. O-O-O {[%emt 0:04:00]} Rd8 {[%emt 0:08:55]} 20. Nxd4 {[%emt 0:01:36]} exd4 {[%emt 0:00:06]} 21. Bxd4 {[%emt 0:00:29]} g6 22. h5 gxh5 {[%emt 0:06:45]} 23. Kb1 {[%emt 0:05:17]} Rg8 {[%emt 0:04:38]} 24. Bf5 {[%emt 0:00:55]} Qf4 {[%emt 0:01:06]} 25. Rhg1 {[%emt 0:01:39]} Nc5 {[%emt 0:00:58]} 26. Bxh7 {[%emt 0:00:24]} Rh8 {[%emt 0:01:17]} 27. g6 {[%emt 0:00:01]} Rxd4 {[%emt 0:00:26]} 28. Rxd4 {[%emt 0:00:24]} Qxf6 {[%emt 0:00:17]} 29. Rxb4 {[%emt 0:00:26]} fxg6 {[%emt 0:00:35]} 30. Bxg6+ {[%emt 0:00:18]} Kd7 {[%emt 0:00:20]} 31. Rxb7+ {[%emt 0:05:33]} Nxb7 {[%emt 0:00:03]} 32. e5 {[%emt 0:00:04]} Qb6 {[%emt 0:00:12]} 33. Bf5+ {[%emt 0:00:04]} Ke8 {[%emt 0:00:31]} 34. Rd1 {[%emt 0:00:31]} Nc5 {[%emt 0:00:49]} 35. Bg6+ 1-0

[Event "Asian Nation Cup Open 2018"]
[Site "Hamedan"]
[Date "2018.08.03"]
[Round "7"]
[White "Tran, Tuan Minh"]
[Black "Lorparizangeneh, Shahin"]
[Result "0-1"]
[WhiteElo "2520"]
[BlackElo "2493"]
[Annotator "RC"]
[PlyCount "38"]
[EventDate "2018.07.27"]
[EventType "swiss"]
[EventCountry "IRI"]
[SourceTitle "playchess.com"]
[Source "ChessBase"]
[SourceQuality "1"]
[WhiteTeam "Vietnam"]
[BlackTeam "Iran"]
[WhiteTeamCountry "VIE"]
[BlackTeamCountry "IRI"]
[TimeControl "40/5400+30:1800+30"]

1. d4 {[%emt 0:04:03]} d5 {[%emt 0:00:01]} 2. c4 {[%emt 0:00:50]} c6 {[%emt 0:00:06]} 3. Nf3 {[%emt 0:00:53]} Nf6 {[%emt 0:00:06]} 4. Qc2 {[%emt 0:00:13]} g6 {[%emt 0:01:10]} 5. Bf4 {[%emt 0:02:47]} Bg7 {[%emt 0:00:06]} 6. e3 {[%emt 0:00:13]} O-O {[%emt 0:00:06]} 7. Nc3 {[%emt 0:00:36]} c5 {[%emt 0:01:41]} 8. dxc5 {[%emt 0:00:57]} dxc4 {[%emt 0:01:01]} 9. Bxc4 {[%emt 0:00:21]} Qa5 {[%emt 0:00:19]} 10. O-O {[%emt 0:00:57]} Qxc5 {[%emt 0:02:42]} 11. Ne5 {[%emt 0:21:00]} Nc6 {[%emt 0:14:06]} 12. Nb5 {[%emt 0:01:52]} Be6 {[%emt 0:02:24]} 13. Nxc6 {[%emt 0:19:23]} Qxc4 {[%emt 0:09:16]} 14. Nxe7+ {[%emt 0:07:10]} Kh8 {[%emt 0:01:37]} 15. Qxc4 {[%emt 0:24:53]} Bxc4 {[%emt 0:00:38]} 16. Nd6 {[%emt 0:00:11]} Bxf1 {[%emt 0:01:12]} 17. Kxf1 {[%emt 0:00:05]} Rae8 {[%emt 0:09:40]} 18. Nxe8 {[%emt 0:07:43]} Rxe8 {[%emt 0:00:22]} 19. Bd6 {[%emt 0:00:48]} Bf8 {[%emt 0:00:37]} 0-1

[Event "Asian Nation Cup Open 2018"]
[Site "Hamedan"]
[Date "2018.08.03"]
[Round "7"]
[White "Dao, Thien Hai"]
[Black "Mousavi, Seyed Khalil"]
[Result "1/2-1/2"]
[WhiteElo "2476"]
[BlackElo "2447"]
[Annotator "TA"]
[PlyCount "26"]
[EventDate "2018.07.27"]
[EventType "swiss"]
[EventCountry "IRI"]
[SourceTitle "playchess.com"]
[Source "ChessBase"]
[SourceQuality "1"]
[WhiteTeam "Vietnam"]
[BlackTeam "Iran"]
[WhiteTeamCountry "VIE"]
[BlackTeamCountry "IRI"]

{[%evp 18,22,31,41,33,25,23]} 1. d4 d5 2. c4 e6 3. Nc3 a6 4. cxd5 exd5 5. Nf3 Nf6 6. Bg5 {[%cal Bc1g5,Bg5h4,Bh4g3][%mdl 32] D37: Damengambit (5.Lf4)} Be6 7. e3 Nbd7 8. Bd3 h6 (8... Bd6 9. O-O O-O 10. Rc1 c6 11. Bf4 Bxf4 12. exf4 Bg4 13. Be2 Bxf3 14. Bxf3 {1-0 (122) Nakamura,H (2769)-Caruana,F (2816) Paris 2018}) 9. Bh4 g5 10. Bg3 {LiveBook: 47 Partien} Nh5 11. Rc1 c6 {Vorgänger:} 12. a3 $146 Nxg3 13. hxg3 Bd6 {1-0 (42) Girshgorn,M (1813)-Strukova,K (1762) Sochi 2017} 1/2-1/2

[Event "Asian Nation Cup Open 2018"]
[Site "Hamedan"]
[Date "2018.08.03"]
[Round "7"]
[White "Tahbaz, Arash"]
[Black "Sethuraman, S.P."]
[Result "0-1"]
[WhiteElo "2449"]
[BlackElo "2657"]
[Annotator "TA"]
[PlyCount "110"]
[EventDate "2018.07.27"]
[EventType "swiss"]
[EventCountry "IRI"]
[SourceTitle "playchess.com"]
[Source "ChessBase"]
[SourceQuality "1"]
[WhiteTeam "Iran"]
[BlackTeam "India"]
[WhiteTeamCountry "IRI"]
[BlackTeamCountry "IND"]

{[%evp 13,110,21,20,25,33,26,37,24,12,13,-7,-11,93,73,70,82,83,66,84,72,91,56,119,88,132,123,139,70,85,72,60,69,65,48,56,41,129,14,14,6,12,11,89,13,45,44,40,39,33,-62,20,28,37,35,161,-8,-1,-313,-4,-4,-9,-6,-6,-19,-24,-38,0,0,13,15,15,16,16,-293,-293,-288,-39,-288,-288,-319,-342,-311,-305,-310,-310,-306,-301,-291,-257,-343,-350,-372,-363,-654,-654,-4622,-4622,-29986,-29987]} 1. d4 d6 2. e4 g6 3. Nc3 Bg7 4. Nf3 a6 5. a4 Nf6 6. h3 {B06: Moderne Verteidigung} (6. Be2 O-O 7. O-O Nc6 8. h3 e5 9. d5 Ne7 10. a5 Nh5 11. Re1 h6 12. Bf1 Nf4 13. Ra3 g5 14. Ne2 Neg6 15. Ng3 Ne7 16. c4 f5 {1-0 (54) Matlakov,M (2694)-Mamedov,R (2688) Tallinn 2016}) 6... O-O 7. Be2 b6 {LiveBook: 27 Partien} 8. e5 {Die Stellung ist ausgeglichen.} Ne8 $146 ({Vorgänger:} 8... dxe5 9. Nxe5 Bb7 10. Bf3 Qc8 11. O-O Rd8 12. Re1 Ra7 13. a5 b5 {1-0 (27) Gabrielian,A (2520)-Tseshkovsky,V (2572) Voronezh 2006}) 9. O-O Nc6 10. Bf4 Bb7 11. Bc4 {[%cal Be2c4,Bc4b3,Bb3a4][%mdl 32]} Nb4 12. Bb3 d5 (12... c5 $1 $11) 13. a5 c5 14. axb6 c4 15. Ba4 Qxb6 16. Qd2 Nc7 17. Bh6 Rad8 ({Lieber} 17... Bc6 $14) 18. Ne2 Ne6 19. Bxg7 Kxg7 20. Nh4 (20. Rfb1 $16) 20... Bc6 21. f4 $1 Bxa4 22. Rxa4 Nc6 {[%cal Rc6d4]} 23. c3 Nc7 24. Kh2 f6 (24... f5 $14) 25. exf6+ (25. f5 $1 $16) 25... exf6 $11 26. f5 g5 27. Nf3 Nb5 (27... Na5 $11 {hält das Gleichgewicht.}) 28. Nxg5 (28. h4 $1 $16) 28... fxg5 29. Qxg5+ Kh8 30. Nf4 $1 {Und Dh6 würde nun gewinnen.} Rf7 31. f6 (31. Qh6 $14) 31... Nd6 (31... Qb8 $15 32. Kh1 Nc7) 32. Ne6 {Beabsichtigt Dg7+! und Matt.} Rg8 $1 {[%cal Rg8g5]} (32... Ne4 33. Qg7+ $1 {[%mdl 512]} Rxg7 34. fxg7+ Kg8 35. Rf8+ Rxf8 36. gxf8=R#) 33. Qxd5 Qb8 (33... Ne8 $14) 34. Kh1 $2 (34. Rxa6 Nf5+ 35. Kg1 Ne3 $17) ({Günstiger ist} 34. Qxc6 $18 Nf5+ 35. Kg1 Rxf6 36. Qf3 (36. Rxa6 Rxe6 37. Qxe6 Rxg2+ 38. Kxg2 Qg3+ 39. Kh1 Qxh3+ 40. Kg1 Qg3+ 41. Kh1 Qh3+ 42. Kg1 Qg3+ 43. Kh1 Qh3+ $11) (36. Rxc4 $2 Qxb2 37. Qf3 Rxe6 $19)) 34... Ne7 35. Qh5 $2 {[%mdl 8192]} (35. Qe5 $11 {und Weiss ist OK.} Ng6 36. Qd5) 35... Nef5 $2 (35... Qxb2 $2 36. Ng5 $18) (35... Ne4 $1 $19 {[%cal Re4g3]} 36. Qxf7 Ng3+ 37. Kg1 Nxf1 38. Kxf1 Qxb2) 36. Rxf5 Nxf5 37. Qxf5 {Droht stark Sg5.} (37. Qxf7 $2 Qxb2 38. Qg7+ Nxg7 $19) 37... Qxb2 {[%csl Gg8][%cal Rb2g2]} 38. Qf3 Qb1+ $40 {[%mdl 128] Schwarz hat einigen Angriff.} 39. Kh2 Qb8+ 40. Kh1 Qd6 41. d5 Qe5 42. Rxc4 {Schwarz muss nun Tf4 beachten.} Rxf6 43. Re4 $2 {[%mdl 8192]} (43. Nf4 $1 $11 {und Weiss steht sicher.}) 43... Rxf3 $19 {[%cal Rf3f1]} 44. Rxe5 {[%mdl 4096] Endspiel KTT-KTS} Rf1+ $1 (44... Rxc3 45. Kh2 $17) 45. Kh2 Rf2 46. Ng5 h6 47. Kg1 Rc2 48. Nf7+ {[#]} Kh7 $1 49. g4 Rb8 {( -> ...Tb1+)} ({Weniger gut wäre} 49... Rxc3 50. d6 $17) 50. Re1 a5 {[%cal Ba6a5,Ba5a4,Ba4a3][%mdl 32]} ({Keinesfalls} 50... Rxc3 51. d6 $19) 51. d6 {[#]} Rd2 $1 ({Und nicht} 51... Rxc3 52. d7 $11) 52. Ra1 Rb5 53. Kf1 $2 {[#]} (53. c4 Rb3 54. d7 Rxd7 55. Ne5) 53... a4 $1 {[%mdl 512]} 54. c4 (54. Rxa4 Rb1#) 54... Rbb2 55. Ne5 a3 {Precision: Weiß = 42%, Schwarz = 50%.} 0-1

[Event "Asian Nation Cup Open 2018"]
[Site "Hamedan"]
[Date "2018.08.03"]
[Round "7"]
[White "Mohammed, Zozek Salah Mohamme"]
[Black "Maghsoodloo, Parham"]
[Result "0-1"]
[WhiteElo "2261"]
[BlackElo "2636"]
[Annotator "TA"]
[PlyCount "38"]
[EventDate "2018.07.27"]
[EventType "swiss"]
[EventCountry "IRI"]
[SourceTitle "playchess.com"]
[Source "ChessBase"]
[SourceQuality "1"]
[WhiteTeam "Iraq"]
[BlackTeam "Iran"]
[WhiteTeamCountry "IRQ"]
[BlackTeamCountry "IRI"]

{[%evp 18,38,0,-39,-20,-48,-22,-58,-46,-97,75,90,163,54,161,-108,-131,-127,-125,-310,-286,-964,-964]} 1. d4 Nf6 2. c4 e6 3. Nc3 Bb4 {[%cal Bf8b4,Bb4a5,Ba5c7][%mdl 32]} 4. e3 O-O 5. Nge2 c6 (5... d5 6. a3 Be7 7. cxd5 exd5 8. Nf4 c6 9. Bd3 Na6 10. O-O Nc7 11. f3 Re8 12. Bd2 Bf8 13. Qe1 g6 14. g4 c5 15. Qf2 b6 16. h4 Bd6 17. Nce2 {0-1 (54) Caruana,F (2816)-Karjakin,S (2782) Leuven 2018}) 6. a3 {E46: Nimzo-Indian: Rubinstein: 4 e3 0-0 5 Ne2 without early Bd3} Ba5 7. b4 Bc7 8. e4 d5 9. e5 Ne8 10. Ng3 {LiveBook: 4 Games} f6 11. f4 a5 12. Rb1 axb4 13. axb4 {[#]} g5 $146 (13... c5 $1 $17 {[%cal Rc5d4] keeps the pressure on. aiming for ...cxd4.} 14. bxc5 Ba5) ({Predecessor:} 13... fxe5 14. fxe5 {½-½ (113) Bekker Jensen,S (2394)-Hillarp Persson,T (2575) Helsingor 2012}) 14. Bd3 $1 $16 gxf4 (14... dxc4 $16 15. Bxc4 b5) 15. Bxf4 (15. Qh5 Qe7 $15) ({Better is} 15. Qg4+ $18 Kh8 16. Qxf4) 15... fxe5 {[#]} (15... dxc4 $1 $14 16. Bxh7+ (16. Bxc4 fxe5 17. Bxe5 Bxe5 $11) 16... Kxh7 17. Qh5+ Kg8 18. Qg6+ Kh8) 16. Bxh7+ $2 ({Not} 16. Bxe5 Qh4 $15) (16. Qg4+ $1 $18 Kh8 17. dxe5) 16... Kxh7 $17 17. Qh5+ Kg8 18. Qg6+ $2 {[#]} (18. Bh6 $17 Rf7 19. Qg4+ (19. Qg6+ $2 Ng7 $19) 19... Kh8 20. Qh5) 18... Ng7 $1 $19 19. Nh5 $2 (19. Bh6 Qf6 20. Qxf6 Rxf6 21. Bxg7 Kxg7 22. Nh5+ Kf7 23. Nxf6 Kxf6 24. O-O+ Ke7 25. cxd5) 19... Qh4+ {Precision: White = 17%, Black = 20%.} 0-1

[Event "Asian Nation Cup Open 2018"]
[Site "Hamedan"]
[Date "2018.08.03"]
[Round "7"]
[White "Korevand, Sina"]
[Black "Ganguly, Surya Shekhar"]
[Result "0-1"]
[WhiteElo "2203"]
[BlackElo "2652"]
[Annotator "TA"]
[PlyCount "52"]
[EventDate "2018.07.27"]
[EventType "swiss"]
[EventCountry "IRI"]
[SourceTitle "playchess.com"]
[Source "ChessBase"]
[SourceQuality "1"]
[WhiteTeam "Iran"]
[BlackTeam "India"]
[WhiteTeamCountry "IRI"]
[BlackTeamCountry "IND"]

{[%evp 11,52,-27,-26,-29,-18,-15,11,11,10,8,11,11,11,13,21,6,21,8,34,0,28,0,36,-260,0,0,0,0,0,0,0,-11,-6,-15,0,0,0,-20,-19,-31,-14,-674,-587]} 1. d4 Nf6 2. Bf4 d5 3. e3 c5 4. Nf3 Nc6 5. Nc3 Bg4 6. dxc5 {D02: Damenbauernspiele} (6. Be2 e6 7. O-O Bxf3 8. Bxf3 cxd4 9. exd4 Bd6 10. Be3 a6 11. Ne2 Qc7 12. g3 O-O 13. Nc1 b5 14. Nd3 b4 15. Kg2 Rfc8 16. Qe2 Qb6 17. Rfc1 {½-½ (115) Kovalev,V (2641)-Onischuk,A (2685) Khanty-Mansiysk 2017}) 6... e6 {[%cal Be7e6,Be6e5,Be5e4,Be4f3][%mdl 32] LiveBook: 4 Partien} 7. Nb5 {[#] Und weiter mit Sc7+ wäre nett.} e5 8. Bg5 $1 {[%cal Rg5f6] Schwarz sollte Lxf6 verhindern.Die Stellung ist ausgeglichen.} e4 $146 ({Vorgänger:} 8... Be6 9. c4 Qa5+ 10. Qd2 Qxd2+ 11. Nxd2 O-O-O 12. cxd5 Rxd5 13. Bxf6 gxf6 {0-1 (40) Markevich,A (2116)-Omariev,M (2248) Moscow 2009}) 9. Bxf6 gxf6 10. h3 exf3 11. hxg4 Qa5+ $1 12. Nc3 d4 $1 13. exd4 O-O-O {[#] ...Lxc5! ist eine echte Drohung.} 14. gxf3 Bxc5 {Und ...The8+ würde nun gewinnen.} 15. Bd3 $1 Bxd4 16. Rh5 Qb6 17. Kf1 $2 {[%mdl 8192]} (17. Na4 $14 Bxf2+ 18. Kf1) 17... Ne5 $2 ({Günstiger ist} 17... Qxb2 $19 18. Rb1 Qxc3) 18. Ne4 Qxb2 19. Rb1 {[%cal Ba1b1,Bb1b3,Bb3d3][%mdl 32]} Qxa2 20. Rb3 Kb8 21. f4 Nxd3 22. Rxd3 Qc4 23. Kg2 Bb6 24. Nd6 (24. Nxf6 $5 {[%cal Rf6d7]} Rxd3 25. cxd3 Qc6+ 26. Nd5 $11) 24... Qc6+ 25. Kg3 $1 Rd7 26. Qh1 $2 {[%mdl 8192]} (26. f3 $11) 26... Rxd6 {Precision: Weiß = 43%, Schwarz = 62%.} 0-1

[Event "Asian Nation Cup Open 2018"]
[Site "Hamedan"]
[Date "2018.08.03"]
[Round "7"]
[White "Taleb, Salem Hatam"]
[Black "Tabatabaei, M.amin"]
[Result "0-1"]
[WhiteElo "2071"]
[BlackElo "2590"]
[Annotator "TA"]
[PlyCount "86"]
[EventDate "2018.07.27"]
[EventType "swiss"]
[EventCountry "IRI"]
[SourceTitle "playchess.com"]
[Source "ChessBase"]
[SourceQuality "1"]
[WhiteTeam "Iraq"]
[BlackTeam "Iran"]
[WhiteTeamCountry "IRQ"]
[BlackTeamCountry "IRI"]

{[%evp 15,86,2,0,-12,-11,-22,0,0,13,0,0,0,6,8,6,-18,-18,-18,-6,-44,-39,-41,-41,-39,-45,-62,-72,-70,-72,-116,-116,-116,-116,-110,-115,-160,-160,-160,-167,-150,-116,-116,-116,-116,-116,-116,-116,-116,-107,-116,-100,-113,-100,-213,-213,-237,-238,-237,-235,-421,-408,-492,-476,-639,-623,-598,-622,-614,-568,-619,-615,-568,-550]} 1. Nf3 c5 2. c4 Nc6 3. g3 g6 4. Bg2 Bg7 5. O-O d6 6. Nc3 Bf5 7. d3 {A37: Englische Eröffnung (Symmetrische Variante)} (7. h3 Qd7 8. Kh2 Nf6 9. d3 h6 10. e4 Be6 11. Be3 g5 12. Ng1 g4 13. h4 O-O 14. Nge2 Qd8 {0-1 (55) Caruana,F (2822)-So,W (2778) Stavanger 2018}) 7... Qd7 8. Nd5 Nf6 {LiveBook: 20 Partien} 9. Nxf6+ {Die Stellung ist ausgeglichen.} Bxf6 10. Rb1 Bh3 $146 ({Vorgänger:} 10... O-O 11. a3 a5 12. Bd2 Rab8 13. Qa4 Nd4 14. Qxd7 Nxe2+ {0-1 (33) Rueda Maria,R (1891)-Fernandez Rios,J (1778) Madrid 2016}) 11. Bh6 Qg4 12. Qd2 Rg8 {Mit der Idee ...Lxg2.} 13. Bg5 Bxg2 14. Kxg2 Bxg5 15. Qxg5 (15. Nxg5 {seems wilder.} f6 16. Ne4 h5 17. h4 Kf7 18. Rh1) 15... Qxg5 16. Nxg5 Rb8 17. a3 (17. Nxh7 $2 f6 $17) 17... b5 18. b3 h6 19. Ne4 Kd7 20. Nc3 b4 21. axb4 Rxb4 22. Ne4 Rgb8 23. Nd2 Nd4 24. Ra1 R8b7 ({Doch nicht} 24... Nxb3 $6 25. Rxa7+ R8b7 26. Rxb7+ Rxb7 27. Rb1 $11) 25. Ra2 Nxe2 ({Und nicht} 25... Nxb3 26. Nxb3 Rxb3 27. Rfa1 $11) 26. Rfa1 Nd4 27. Rxa7 Nxb3 28. Nxb3 Rxb3 29. Rxb7+ Rxb7 $19 {[%mdl 4096] Endspiel KT-KT} 30. Kf3 Rb3 31. Ke2 Ke6 32. h4 Rb7 33. h5 Kf5 34. Rh1 {[#]} (34. hxg6 $17 {war angesagt.} fxg6 35. Ke3) 34... g5 $1 35. f3 Rb2+ 36. Ke3 e6 {[%cal Be7e6,Be6d5][%mdl 32]} 37. Rf1 $2 (37. Ra1) 37... d5 {( -> ...d4#)} 38. cxd5 exd5 {[%csl Gc5][%cal Rd5d4] [#] Schwarz steht klar auf Gewinn.} 39. g4+ Ke5 {[%csl Gc5,Ge5][%cal Rd5d4]} 40. f4+ gxf4+ 41. Kf3 Rd2 42. Re1+ Kf6 43. Kxf4 Rxd3 {Precision: Weiß = 41%, Schwarz = 77%.} 0-1